| LEADER | 00686namaa2200205 4500 | ||
|---|---|---|---|
| 001 | main_55345 | ||
| 003 | GR-kkKDBK | ||
| 005 | 20191204063120.0 | ||
| 008 | 170607suuuuuuuu###|||||||||| ||||||### d | ||
| 040 | |a GR-kkKDBK |b gre |d GR-kkKDBK |e AACR2 | ||
| 084 | |a ΞΜ | ||
| 100 | 1 | |4 aut |a Cordelier, Jeanne |9 23494 | |
| 245 | 1 | 3 | |a La derobade / |c Jeanne Cordelier |
| 260 | |a Paris : |b Hachette, |c 1976 | ||
| 650 | 7 | |a Γαλλική λογοτεχνία |9 65224 | |
| 700 | 1 | |a Cordelier, Jeanne |t La derobade |9 125462 | |
| 710 | 2 | |4 pbl |a Hachette |9 27293 | |
| 942 | |c BK | ||
| 999 | |c 59665 |d 59665 | ||
| 952 | |0 0 |1 0 |4 0 |6 ΞΜ_COR |7 0 |9 76191 |a KDBK |b KDBK |d 2017-06-07 |i 21372017 |l 0 |o ΞΜ COR |p 21372017 |r 2019-04-29 |w 2019-04-29 |y BK | ||